Markets and indigenous peoples in Asia : (Record no. 72932)

MARC details
000 -LEADER
fixed length control field 01015nam a22002657a 4500
005 - DATE AND TIME OF LATEST TRANSACTION
control field 2013011408508.0
008 - FIXED-LENGTH DATA ELEMENTS--GENERAL INFORMATION
fixed length control field 130114t xxu||||| |||| 00| 0 eng d
010 ## - LCCN (DPL NO)
LC control number ENG-106557
020 ## - INTERNATIONAL STANDARD BOOK NUMBER
Terms of availability 645.00
International Standard Book Number 0198078951
020 ## - INTERNATIONAL STANDARD BOOK NUMBER
Terms of availability 645.00
International Standard Book Number 9780198078951
035 ## - SYSTEM CONTROL NUMBER
System control number EN-90090
037 ## - SOURCE OF ACQUISITION
Source of stock number/acquisition DBAD / PUB
040 ## - CATALOGING SOURCE
Original cataloging agency DPL
Language of cataloging ENG
100 ## - MAIN ENTRY--PERSONAL NAME
Personal name Nathan, Dev
9 (RLIN) 54743
245 ## - TITLE STATEMENT
Title Markets and indigenous peoples in Asia :
Statement of responsibility, etc by Dev Nathan, Ganesh Thapa, Govind Kelkar [and] Antonella Cordone
Remainder of title lessons from development projects /
260 ## - PUBLICATION, DISTRIBUTION, ETC. (IMPRINT)
Place of publication, distribution, etc New Delhi
Name of publisher, distributor, etc Oxford University Press
Date of publication, distribution, etc 2012
270 ## - ADDRESS
Address YMCA Library Building, Jai Singh Road,
City New Delhi
Postal code 110001
300 ## - PHYSICAL DESCRIPTION
Extent xvi, 229p.;
Dimensions 20cm (Hb)
500 ## - GENERAL NOTE
General note Includes bibliographical references and index
700 ## - ADDED ENTRY--PERSONAL NAME
9 (RLIN) 54740
Personal name Thapa, Ganesh
700 ## - ADDED ENTRY--PERSONAL NAME
Personal name Kelkar, Govind
9 (RLIN) 54747
700 ## - ADDED ENTRY--PERSONAL NAME
Personal name Cordone, Antonella
9 (RLIN) 54748
942 ## - ADDED ENTRY ELEMENTS (KOHA)
Source of classification or shelving scheme Dewey Decimal Classification
Item type English Books
Call number suffix NAT
Holdings
Withdrawn status Lost status Source of classification or shelving scheme Damaged status Not for loan Collection code Home library Current library Date acquired Source of acquisition Cost, normal purchase price Total Checkouts Full call number Barcode Date last seen Copy number Cost, replacement price Koha item type
    Dewey Decimal Classification     Non-fiction D.B.Act.Division D.B.Act.Division 14/01/2013 DBAD/PUB 645.00   NAT EN-90090 14/01/2013 1 645.00 English Books

© Delhi Public Library
Hit Counter
free hit counter